01205 a2200229 45000010006000000050017000060080041000230030015000640400040000790800058001192450071001770200022002482640032002703000019003025050371003210410008006929420007007005900036007071000020007439990015007639520197007786061820260407155857.0260407a2002 arg spa dAR-UNSa-BCEJYS aAR-UNSa-BCEJYSbspacAR-UNSa-BCEJYS a342.2xEstado. Formas del Estado (Reforma del Estado)10a¿Prosperidad o ilusión?pLas reformas de los 90 en la Argentina a978-950-569-184-5 1aBuenos Aires :bAbacoc2002 a349 p.c23 cm. a1. La reforma económica - 2. La reforma del estado – 3. La reforma monetaria – 4. La reforma fiscal – 5. La reforma educativa – 6. La reforma laboral – 7. La reforma previsional – 8. La reforma constitucional – 9. La reforma administrativa – 10. Los decretos de necesidad y urgencia – 11. Las denuncias de corrupción – 12. El debate público aspa cBK aniveau_biblio:m niveau_hierar:01 aDíaz, Rodolfo c7074d7074 00104070aBCEJYSbBCEJYSc16d2026-04-07l0o342.2 D542pL129265r2026-04-07 15:58:57w2026-04-07yLzRESALTADOR PÁG 7,20,21,28,29,263,264,280 A 283 - CANTO LATERAL E INFERIOR CON MANCHITA